El transporte urbano y la Escuela de Ingeniería de Transporte de la Universidad Católica de Valparaíso
Saved in:
| Hovedforfatter: | |
|---|---|
| Format: | Bog |
| Sprog: | spansk |
| Udgivet: |
Valparaíso
Universidad Católica de Valparaíso
1979
|
| Fag: | |
| Tags: |
Tilføj Tag
Ingen Tags, Vær først til at tagge denne postø!
|
MARC
| LEADER | 00000nam a2200000 a 4500 | ||
|---|---|---|---|
| 001 | UCV4829 | ||
| 003 | CL-VaPUC | ||
| 008 | 930831e19790000CL |||||||||||||||||spa|d | ||
| 082 | 0 | 4 | |a 388.409 |b HUR |2 21 |
| 100 | |a Hurtado Urra, José Sergio |e autor |9 610764 | ||
| 245 | 1 | 3 | |a El transporte urbano y la Escuela de Ingeniería de Transporte de la Universidad Católica de Valparaíso |
| 300 | |a 32 h | ||
| 942 | |c BK | ||
| 945 | |d 19930831 00:00:00 | ||
| 260 | |a Valparaíso |b Universidad Católica de Valparaíso |c 1979 | ||
| 650 | 0 | |a Transporte urbano |9 260307 | |
| 651 | 0 | |a Valparaíso, Chile |9 261144 | |
| 583 | |a last modification |c 20170307 11:58:18 |k Rodrigo Vera | ||
| 999 | |c 211490 |d 211488 | ||